<?xml version="1.0" encoding="UTF-8"?>
<record
    xmlns:xsi="http://www.w3.org/2001/XMLSchema-instance"
    xsi:schemaLocation="http://www.loc.gov/MARC21/slim http://www.loc.gov/standards/marcxml/schema/MARC21slim.xsd"
    xmlns="http://www.loc.gov/MARC21/slim">

  <leader>01468    a2200193   4500</leader>
  <controlfield tag="003">Nust</controlfield>
  <controlfield tag="005">20221222124649.0</controlfield>
  <datafield tag="010" ind1=" " ind2=" ">
    <subfield code="a">   70394876</subfield>
  </datafield>
  <datafield tag="020" ind1=" " ind2=" ">
    <subfield code="a">0192151673</subfield>
  </datafield>
  <datafield tag="040" ind1=" " ind2=" ">
    <subfield code="c">Nust</subfield>
  </datafield>
  <datafield tag="082" ind1="0" ind2="0">
    <subfield code="a">327.95491,BHU</subfield>
  </datafield>
  <datafield tag="100" ind1="1" ind2=" ">
    <subfield code="a">Bhutto, Zulfikar Ali.</subfield>
    <subfield code="9">37719</subfield>
  </datafield>
  <datafield tag="245" ind1="1" ind2="4">
    <subfield code="a">The myth of independence / </subfield>
    <subfield code="c">Zufikar Ali Bhutto</subfield>
  </datafield>
  <datafield tag="260" ind1=" " ind2=" ">
    <subfield code="a">London,</subfield>
    <subfield code="a">Lahore [etc.]</subfield>
    <subfield code="b">Oxford U.P.,</subfield>
    <subfield code="c">1969.</subfield>
  </datafield>
  <datafield tag="300" ind1=" " ind2=" ">
    <subfield code="a">x, 188 p.</subfield>
    <subfield code="b">4 plates, ports.</subfield>
    <subfield code="c">23 cm.</subfield>
  </datafield>
  <datafield tag="505" ind1=" " ind2=" ">
    <subfield code="a">The Struggle For Equality (Page-1), Global Power And Small Nation (Page-7), American Attitudes Towards Partition And Indian Neutralism (Page-30), India Seeks American Support Against China (Page-48), America Aids India And Ignore Pakistan (Page-66), American Policy To Bring Pakistan Under Indian Hegemony (Page-79), Collaboration With India On American Terms (Page-93), American Demands And The Choice Before Pakistan (Page-99), The Indo Pakistan War And Its Analogies (Page-113), Relations With Neighbouring Countries And Some Others (Page-123), Pakistan And The Veitnam War (Page-127), Sino Pakistani Relations (Page-131), Relations With European Powers And Great Powers (Page-135), Some Conclusions (Page-145), The State Best Defence (Page-150), Deterrent Against Aggression (Page-152), How To Face The Looming Crisis (Page-156), The Origins Of Dispute With India (Page-162), Confrontation With India (Page-176), Epilogue (Page-185).</subfield>
  </datafield>
  <datafield tag="651" ind1=" " ind2="0">
    <subfield code="a">Pakistan</subfield>
    <subfield code="x">Foreign relations.</subfield>
  </datafield>
  <datafield tag="942" ind1=" " ind2=" ">
    <subfield code="2">ddc</subfield>
    <subfield code="c">BK</subfield>
    <subfield code="k">327.95491,BHU</subfield>
  </datafield>
  <datafield tag="999" ind1=" " ind2=" ">
    <subfield code="c">184272</subfield>
    <subfield code="d">184272</subfield>
  </datafield>
  <datafield tag="952" ind1=" " ind2=" ">
    <subfield code="0">0</subfield>
    <subfield code="1">0</subfield>
    <subfield code="2">ddc</subfield>
    <subfield code="4">0</subfield>
    <subfield code="7">0</subfield>
    <subfield code="a">MCS</subfield>
    <subfield code="b">MCS</subfield>
    <subfield code="c">GEN</subfield>
    <subfield code="d">2016-12-12</subfield>
    <subfield code="o">327.95491,BHU</subfield>
    <subfield code="p">MCS7521</subfield>
    <subfield code="r">2016-12-08</subfield>
    <subfield code="w">2016-12-12</subfield>
    <subfield code="y">BK</subfield>
    <subfield code="z">Almirah No.50, Shelf No.2</subfield>
  </datafield>
</record>
